مجالس في تفسير قول الله نعالى : لقد من الله على المومنين اذ بعث فيهم رسولا من انفسهم

Bibliographic Details
Main Author: ابن ناصر الدين، محمد بن عبد الله (Author)
Other Authors: عوامة، محمد (Editor)
Format: Book
Language:Arabic
Published: جدة : دار المنهاج 2012
Edition:الطبعة الثاني
Subjects:

MARC

LEADER 00000cam a2200000 7i4500
001 0000093063
005 20230116093000.0
008 170620s2010 ua ara
040 |a UniSZA   |e rda 
050 0 0 |a BP128.2   |b .I26 2010 
090 0 0 |a BP128.2   |b .I26 2010 
100 1 |a ابن ناصر الدين، محمد بن عبد الله ,   |e author 
241 1 0 |a Majalis fi tafsir qawlihi ta`ala   |b laqad manna Allah `ala al-mu'minin idh ba`atha fihim rasulan min anfusihim 
245 1 0 |a مجالس في تفسير قول الله نعالى :   |b لقد من الله على المومنين اذ بعث فيهم رسولا من انفسهم   |c الامام الحافظ ابراهيم بن ناصر الدين الدمشقي؛ اخرجه عن اصل مولفة ورتبة وعلق عليه محمد عوامة 
250 |a الطبعة الثاني 
264 1 |a جدة :   |b دار المنهاج   |c 2012 
300 |a 564 pages ;   |c 25 cm. 
336 |a text  |2 rdacontent 
337 |a unmediated  |2 rdamedia 
338 |a volume  |2 rdacarrier 
504 |a Includes bibliographical references (pages 521-562) and index 
630 0 0 |a Qur'an; criticism, interpretation, etc 
630 0 0 |a Qur'an   |x Surat al-Imran   |x Criticism, interpretation, etc. 
700 1 |a عوامة، محمد ,   |e editor 
999 |a 1000170901   |b Book   |c OPEN SHELF (30 DAYS)   |e Gong Badak Campus 
999 |a 1000170929   |b Book   |c OPEN SHELF (30 DAYS)   |e Gong Badak Campus